50 Personnages Noirs / Métisses dans les Animes / Mangas - Statistiques

Statistiques générales
  • Ce quiz a été pris 233 fois
  • Le résultat moyen est 11 sur 50
Statistiques - réponses
Par images Réponse % Correct
Killer B
80%
A
79%
King
59%
Yoruichi
57%
Scar
54%
Darui
48%
Mirko
44%
Chocho
41%
Onyankopon
40%
Daz / Mister 1
38%
Mohammed Abdul
38%
Casca
34%
Harribel
34%
Karui
34%
Omoi
32%
Pucci
30%
Lock / Ken
28%
Kaname
25%
Phil
23%
Krone
21%
Afro
17%
Lille
17%
Papa Mbaye Siki
17%
Kanaria
16%
Hibana
15%
Miguel
15%
Oliva
14%
Charon
13%
Smokey
13%
Zommari
13%
Dutch
12%
Mila Rose
10%
Ogun
10%
Ren
10%
Jason Silver
9%
Agil
8%
Ikumi
7%
Noe
7%
Assault
6%
Mabui
6%
Albert
5%
Eikichi Nebuya
3%
Jemima
3%
Kilik
3%
Blue B
2%
Krishna
2%
Alex
1%
Batta
1%
Jingo
1%
Onyango
1%
Aucun quiz correspondant
Distribution des résultats
% des personnes avec chaque résultat
Percentile par nombre de réponses
Votre historique - résultats
Vous n’avez pas pris ce quiz